|
|
|
|
| LEADER |
00000cam a2200000 7i4500 |
| 001 |
0000318882 |
| 005 |
20250714153731.0 |
| 006 |
a ###g ### 000 |
| 007 |
t |
| 008 |
250714t2023 enk# g #0000 eng d |
| 020 |
|
|
|a 9781529367218
|
| 040 |
|
|
|a MBPJ
|b eng
|c MBPJ
|e rda
|
| 090 |
0 |
0 |
|a 158.1
|b MOD
|
| 100 |
1 |
|
|a Modgil, Radha
|c Dr
|b Author
|
| 245 |
1 |
0 |
|a KNOW YOUR OWN POWER :
|b Inspiration, Motivation and Practical Tools for Life
|c Dr Radha Modgil
|
| 264 |
|
1 |
|a Great Britain :
|b Yellow Kite
|c 2023
|
| 300 |
|
|
|a 278 pages ;
|c 20 cm.
|
| 336 |
|
|
|a text
|2 rdacontent
|
| 337 |
|
|
|a unmediated
|2 rdamedia
|
| 338 |
|
|
|a volume
|2 rdacarrier
|
| 650 |
|
0 |
|a Self-actualizatioan (psychology)
|
| 999 |
|
|
|a 00414467
|b BUKU
|c PINJAMAN
|e PERPUSTAKAAN KOMUNITI CAW BANDAR UTAMA
|